000 00208 a2200097 4500
001 57519
100 _a
245 _aDunyai islam
260 _alahore
_bMaqbool academy
_c1993
090 _c35249
_d35249
942 _aNUST-CAE
_cMONOGRAPH
_c28057
999 _c292592
_d292592